|
|
|
|
| LEADER |
00866nam a2200265 4500 |
| 001 |
DLU180184148 |
| 005 |
##20180326 |
| 040 |
# |
# |
|a DLU
|b vie
|
| 041 |
# |
# |
|a vie
|
| 044 |
# |
# |
|a vn
|
| 100 |
# |
# |
|a Đinh Quang Hải.
|
| 245 |
# |
# |
|a Sự ủng hộ và giúp đỡ của quốc tế đối với Chiến dịch Điện Biên Phủ /
|c Đinh Quang Hải.
|
| 653 |
# |
# |
|a Chiến dịch Điện Biên Phủ
|
| 653 |
# |
# |
|a Mặt trận ngoại giao
|
| 653 |
# |
# |
|a Phong trào giải phóng dân tộc
|
| 653 |
# |
# |
|a Thực dân Pháp
|
| 773 |
# |
# |
|t Nghiên cứu lịch sử
|g Số 4(456), 2014, tr. 42-49
|
| 920 |
# |
# |
|a Phòng Tạp chí -- Trung tâm Thông tin - Thư viện Trường Đại học Đà Lạt
|
| 900 |
# |
# |
|a True
|
| 911 |
# |
# |
|a Nguyễn Thị Thu Phương
|
| 925 |
# |
# |
|a G
|
| 926 |
# |
# |
|a A
|
| 927 |
# |
# |
|a BB
|
| 980 |
# |
# |
|a Thư viện Trường Đại học Đà Lạt
|